| 000 | 01098nam a22003257a 4500 | ||
|---|---|---|---|
| 003 | CHAP | ||
| 005 | 20220329135747.0 | ||
| 008 | 971013s1964 r 00010 d | ||
| 010 | _a41625 | ||
| 011 | _a42597 | ||
| 035 | _a46726 | ||
| 040 | _cCHAP | ||
| 090 | _aTesis | ||
| 100 | 0 | 0 |
_aMuñoz Orozco, Abel. _979649 |
| 245 | _aObservaciones de la transpiración y de apertura estomatal en tres líneas de maíz sometidas a sequía | ||
| 260 |
_aChapingo, Méx. : _bEl autor, _c1964 |
||
| 300 |
_a38 h. _b: ilus |
||
| 502 | _aTesis (Ing. Agr. Esp. en Fitotecnia) -- ENA. Departamento de Fitotecnia | ||
| 590 |
_aALEPH _b10 _c20130110 _lUCH01 _h1310 |
||
| 590 |
_aBATCH-UPD _b10 _c20130110 _lUCH01 _h1128 |
||
| 590 |
_aBATCH-UPD _b10 _c20130410 _lUCH01 _h0717 |
||
| 590 |
_aBATCH-UPD _b10 _c20130914 _lUCH01 _h1751 |
||
| 590 |
_aCONVERSION _b10 _c20130109 _lUCH01 _h1323 |
||
| 650 | 1 | 4 |
_aMaíz _xAgua requerida. _970851 |
| 901 | _aBK | ||
| 942 | _cFOLL | ||
| 949 |
_bBC _cTES _d-106473 _eTS1 _i46726 _si |
||
| 949 |
_bBC _cTES _d-106475 _eTS2 _fc.2 _i46726 _si |
||
| 949 |
_bBC _cTES _d-106477 _eTS2 _fc.3 _i46726 _si |
||
| 999 |
_c41625 _d41625 |
||